|
|
|
|
| LEADER |
00000naa2a2200000 4500 |
| 001 |
631022 |
| 005 |
20240208095136.0 |
| 035 |
|
|
|a (RuTPU)RU\TPU\conf\32693
|
| 035 |
|
|
|a RU\TPU\conf\32689
|
| 090 |
|
|
|a 631022
|
| 100 |
|
|
|a 20200422d2019 k y0rusy50 ca
|
| 101 |
0 |
|
|a rus
|
| 102 |
|
|
|a RU
|
| 105 |
|
|
|a y z 101zy
|
| 135 |
|
|
|a drcn ---uucaa
|
| 181 |
|
0 |
|a i
|
| 182 |
|
0 |
|a b
|
| 200 |
1 |
|
|a Подготовка кадров для цифровой электроэнергетики
|d Professional traning for electric power industry in digitalization era
|f А. В. Прохоров, С. А. Никифоров, Е. А. Цыденов
|
| 203 |
|
|
|a Текст
|c электронный
|
| 225 |
1 |
|
|a Современные образовательные технологии и тенденции развития инженерного образования в России
|
| 300 |
|
|
|a Заглавие с титульного экрана
|
| 320 |
|
|
|a [Библиогр.: с. 156-157 (2 назв.)]
|
| 330 |
|
|
|a The experience of cooperation between Tomsk Polytechnic University and the System Operator of the United Power System in development and implementation of master programs ensuring interdisciplinary competences in power engineering and information technologies is described.
|
| 463 |
|
1 |
|0 (RuTPU)RU\TPU\conf\32627
|t Современные технологии, экономика и образование
|o сборник трудов Всероссийской научно-методической конференции, г. Томск, 27-29 декабря 2019 г.
|f Национальный исследовательский Томский политехнический университет ; под ред. А. Г. Фефеловой, Е. А. Покровской, И. О. Болотиной [и др.]
|v [С. 154-157]
|d 2019
|
| 510 |
1 |
|
|a Professional traning for electric power industry in digitalization era
|z eng
|
| 610 |
1 |
|
|a электронный ресурс
|
| 610 |
1 |
|
|a труды учёных ТПУ
|
| 610 |
1 |
|
|a подготовка кадров
|
| 610 |
1 |
|
|a цифровая электроэнергетика
|
| 610 |
1 |
|
|a магистерские программы
|
| 610 |
1 |
|
|a компетенции
|
| 610 |
1 |
|
|a энергетика
|
| 610 |
1 |
|
|a информационные технологии
|
| 610 |
1 |
|
|a образовательные программы
|
| 610 |
1 |
|
|a информационно-коммуникационные технологии
|
| 700 |
|
1 |
|a Прохоров
|b А. В.
|c специалист в области электроэнергетики
|c исполняющий обязанности руководителя, доцент, заместитель директора по учебной работе Томского политехнического университета, кандидат технических наук
|f 1985-
|g Антон Викторович
|3 (RuTPU)RU\TPU\pers\27721
|9 12795
|
| 701 |
|
1 |
|a Никифоров
|b С. А.
|
| 701 |
|
1 |
|a Цыденов
|b Е. А.
|c специалист в области электротехники
|c старший лаборант Томского политехнического университета
|f 1996-
|g Евгений Александрович
|3 (RuTPU)RU\TPU\pers\46078
|
| 712 |
0 |
2 |
|a Национальный исследовательский Томский политехнический университет
|b Инженерная школа энергетики
|b Отделение электроэнергетики и электротехники (ОЭЭ)
|3 (RuTPU)RU\TPU\col\23505
|
| 712 |
0 |
2 |
|a Национальный исследовательский Томский политехнический университет
|b Инженерная школа энергетики
|b Организационный отдел
|3 (RuTPU)RU\TPU\col\23585
|
| 801 |
|
2 |
|a RU
|b 63413507
|c 20200429
|g RCR
|
| 856 |
4 |
|
|u http://earchive.tpu.ru/handle/11683/58181
|
| 942 |
|
|
|c BK
|